| 000 | 00377cam a2200157ua 4500 | ||
|---|---|---|---|
| 041 |
_aeng _h |
||
| 082 |
_a828.09 _bBOW/SO |
||
| 100 | _aBowra, C m . | ||
| 245 |
_aSophoclean tragedy / _cC M Bowra. _hTextual Documents |
||
| 250 |
_a1 / _b. |
||
| 260 |
_aLondon : _bOxford University Press , _c1964. |
||
| 300 | _a384 ; . | ||
| 504 | _a | ||
| 942 | _cBK | ||
| 999 |
_c8896 _d8896 |
||